Macaulay Land Use Research Institute (Record no. 120800)

MARC details
000 -LEADER
fixed length control field 00762cai a22001815a 4500
001 - CONTROL NUMBER
control field E147683
008 - FIXED-LENGTH DATA ELEMENTS--GENERAL INFORMATION
fixed length control field 090604u xxk g 000 0 eng d
035 ## - SYSTEM CONTROL NUMBER
System control number (Sirsi) u147683
041 0# - LANGUAGE CODE
Language code of text/sound track or separate title eng
110 2# - MAIN ENTRY--CORPORATE NAME
Corporate name or jurisdiction name as entry element Macaulay Institute
9 (RLIN) 5679
245 00 - TITLE STATEMENT
Title Macaulay Land Use Research Institute
Medium [electronic resource]
520 ## - SUMMARY, ETC.
Summary, etc. Website for the Macaulay Institute, which carries out research into the social and environmental impacts of rural land uses. Includes details of projects and research programmes, publications, and related organisations.
590 ## - LOCAL NOTE (RLIN)
Local note KA
651 #4 - SUBJECT ADDED ENTRY--GEOGRAPHIC NAME
Geographic name Scotland
Chronological subdivision 1999-
690 ## - LOCAL SUBJECT ADDED ENTRY--TOPICAL TERM (OCLC, RLIN)
Topical term or geographic name as entry element ENVIRONMENTAL AND LAND CONSULTANCY
856 40 - ELECTRONIC LOCATION AND ACCESS
Uniform Resource Identifier <a href="https://www.macaulay.ac.uk/index.php">https://www.macaulay.ac.uk/index.php</a>
Public note View the website free of charge at www.macaulay.ac.uk...
942 ## - ADDED ENTRY ELEMENTS (KOHA)
Suppress in OPAC 0
Holdings
Withdrawn status Lost status Source of classification or shelving scheme Damaged status Not for loan Home library Current library Shelving location Date acquired Total Checkouts Full call number Barcode Date last seen Copy number Price effective from Koha item type
    Dewey Decimal Classification     Virtual Virtual Online 04/06/2009   WEBSITE 147683-2001 06/08/2019 1 06/08/2019 Online material